000 00411 a2200121 4500
001 ART_37887
005 20260410161750.0
008 260409a
245 1 0 _aIncremento de las deducciones personales para asalariados, jubilados, pensionados y autónomos
100 1 _aDreiling, Paola E.
700 1 _aRolando, Félix José
773 0 _tDoctrina tributaria
_g- Nº 433 (abr. 2016)
_wREV4296
999 _c19616
_d19616